000 00512 a2200145 4500
999 _c2354
_d2354
020 _axxxxxxxx
050 _aLB 1025 BHA 1995
100 _aBhatia, K. K
_eAuthor
245 _aA first course in education :
_baccording to assam higher secondary education council syllabus for XI class /
_cK. K Bhatia
264 _aNew Delhi:
_bKalyani Publishers,
_c1995
300 _ax,262p. :
_bill.
500 _aIncludes assam higher secondary education council syllabus
650 _aEducation
942 _2lcc
_cBK
_h1028
_iBHA
_kLB